banner-ar

خلق افعال العبادة: الرد على اصحاب الجمعية واصحاب التعطيل / (Record no. 53175)

MARC details
000 -الفاتح
حقل البيانات ثابتة الطول 00895nam a2200205Ia 4500
008 - عناصر البيانات ثابتة الطول - معلومات عامة
حقل البيانات ثابتة الطول 140319s9999 xx 000 0 ara d
040 ## - مصدر الفهرسة
وكالة الفهرسة الأصلية GCL /
وكالة النسخ GCL
082 04 - رقم تصنيف ديوى العشرى
رقم التصنيف 220
رقم المادة ب خ
100 1# - المدخل الرئيسى - إسم شخصى
الإسم الشخصى البخارى : ابوعبدالله محمد بن اسماعيل بن ابراهيم بن المغيرة بن بردزيه
245 10 - بيان العنوان
العنوان خلق افعال العبادة: الرد على اصحاب الجمعية واصحاب التعطيل /
بيان المسئوليه,etc البخارى : ابوعبدالله محمد بن اسماعيل بن ابراهيم بن المغيرة بن بردزيه
300 ## - الوصف المادى
التعداد 286 ص
490 ## - بيان السلسلة
عنوان السلسلة
650 04 - المدخل الاضافى بالموضوع-مصطلح موضوعى
مصطلح موضوعي دفع المطاعن عن الاسلام
650 04 - المدخل الاضافى بالموضوع-مصطلح موضوعى
مصطلح موضوعي الاسلام - دعوة
650 04 - المدخل الاضافى بالموضوع-مصطلح موضوعى
مصطلح موضوعي علوم القران
650 04 - المدخل الاضافى بالموضوع-مصطلح موضوعى
مصطلح موضوعي تفسير القران الكريم
942 ## - عناصر المدخل الإضافي( كوها)
مصدر التصنيف او مخطط الترفيف Dewey Decimal Classification
Koha [default] item type كتاب
260 ## - PUBLICATION, DISTRIBUTION, ETC. (IMPRINT)
-- [S.N] :
-- مكتبة التراث الاسلامى
Holdings
حالة التراجع حالة الفقد حالة تلف ليس للاعارة المكان المؤقت الموقع الحالى تاريخ الاكتساب اجمالي اﻻعارات رقم الطلب الباركود تاريخ اخر مشاهدة تاريخ تفعيل السعر نوع وعاء كوها
        مكتبة القاهرة الكبرى مكتبة القاهرة الكبرى 03/26/2014   220\ب خ 127618 03/26/2014 03/26/2014 كتاب
        مكتبة القاهرة الكبرى مكتبة القاهرة الكبرى 03/26/2014   220\ب خ 127619 03/26/2014 03/26/2014 كتاب

Powered By

EGPV